000 00608nam a2200205 a 4500
005 20140310183316.0
008 051116s19uu xx 00 eng d
020 _a0781790824
020 _a1582552703
050 _aRC 440
_b.P764 2004
245 _aPsychiatric nursing :
_bmade incredibly easy! /
260 _aPhiladelphia :
_bLippincott Williams & Wilkins,
_c2004.
300 _ax, 566 p. :
_bill. ;
_c23 cm.
521 _aNUR
650 _aMental Disorders
_xdiagnosis.
650 _aPsychiatric Nursing
_xmethods.
650 _aMental Disorders
_xtherapy.
942 _cBK
_2lcc
_kFOR
999 _c21286
_d21286